[Event "Junior Online 4NCL Division 4"]
[Site "online"]
[Date "2020.10.01"]
[Round "4.132"]
[White "Vyas, Rayaan"]
[Black "O'Connor, Ethan"]
[Result "1-0"]
[WhiteElo "1255"]
[BlackElo "875"]
[PlyCount "55"]
[EventDate "2020.10.01"]
[WhiteTeam "Barnet Knights C"]
[BlackTeam "Rhodes Avenue Rooks"]

1. e4 e6 2. d4 d5 3. Nc3 dxe4 4. Nxe4 Nf6 5. Nxf6+ Qxf6 6. Nf3 Qd8 7. Bc4 Bd6
8. O-O O-O 9. Re1 Re8 10. d5 exd5 11. Rxe8+ Qxe8 12. Bxd5 Bg4 13. h3 Bxf3 14.
Bxf3 Qe5 15. g3 Qf5 16. Bxb7 Bc5 17. Qd8+ Bf8 18. Bxa8 Qe5 19. Bf4 Qxb2 20. Re1
Qc3 21. Bd2 Qxc2 22. Re8 Qd1+ 23. Kg2 h5 24. Rxf8+ Kh7 25. Qd3+ g6 26. Rxf7+
Kg8 27. Qxg6+ Kh8 28. Rh7# 1-0

[Event "Junior Online 4NCL Division 4"]
[Site "online"]
[Date "2020.10.01"]
[Round "4.133"]
[White "Balsys, Leo"]
[Black "Malus, Sean"]
[Result "0-1"]
[WhiteElo "875"]
[BlackElo "1330"]
[PlyCount "70"]
[EventDate "2020.10.01"]
[WhiteTeam "Rhodes Avenue Rooks"]
[BlackTeam "Barnet Knights C"]

1. e4 e5 2. d3 Nf6 3. Nd2 Nc6 4. Ngf3 Bc5 5. g3 d6 6. Bg2 Bg4 7. h3 Bh5 8. g4
Bg6 9. b4 Bxb4 10. a3 Bc5 11. c3 h6 12. Nb3 Bb6 13. g5 hxg5 14. Bxg5 a5 15. a4
Qe7 16. d4 exd4 17. cxd4 Qxe4+ 18. Be3 Nd5 19. Nh2 Qxg2 20. Rf1 Qxh2 21. Qf3
Bh5 22. Qxd5 Nb4 23. Qxb7 Rd8 24. Rc1 Nd3+ 25. Kd2 Nxc1 26. Kxc1 Qxh3 27. Bg5
Bf3 28. Bxd8 Qxf1+ 29. Kb2 Bxb7 30. Bg5 Qxf2+ 31. Nd2 Bxd4+ 32. Kc1 Be3 33.
Bxe3 Qxe3 34. Kc2 Rh2 35. Kd1 Qxd2# 0-1

[Event "Junior Online 4NCL Division 4"]
[Site "online"]
[Date "2020.10.01"]
[Round "4.134"]
[White "Ethelontis, Elena"]
[Black "Brown, Alex"]
[Result "1/2-1/2"]
[WhiteElo "1292"]
[BlackElo "800"]
[PlyCount "162"]
[EventDate "2020.10.01"]
[WhiteTeam "Barnet Knights C"]
[BlackTeam "Rhodes Avenue Rooks"]

1. d4 d5 2. Nf3 e6 3. c4 Bb4+ 4. Nc3 dxc4 5. e3 e5 6. Nxe5 Qg5 7. Nf3 Qa5 8.
Bd2 c5 9. a3 Bxc3 10. Bxc3 Qb5 11. dxc5 Qxc5 12. Bxg7 Qa5+ 13. Bc3 Qc5 14. Qa4+
b5 15. Qd1 Bg4 16. Be2 b4 17. Bxb4 Qb5 18. Qd4 Nc6 19. Qe4+ Be6 20. Bxc4 Qxc4
21. Qxc4 Bxc4 22. Bc3 f6 23. Rb1 Rd8 24. b3 Bd3 25. Rd1 Bc2 26. Rxd8+ Kxd8 27.
b4 Nh6 28. Bxf6+ Ne7 29. Bxh8 Nef5 30. Bf6+ Kd7 31. Kd2 Bb3 32. Rc1 Ng4 33. Ke2
Nxf6 34. Rc3 Bd5 35. Rd3 a6 36. Ne5+ Kd6 37. Nc4+ Kd7 38. Nb6+ Kc6 39. Nxd5
Nxd5 40. g3 Nc7 41. e4 Nd6 42. Rc3+ Kb7 43. Ke3 Ncb5 44. Rb3 Nc4+ 45. Kf3 Nd2+
46. Kf4 Nxb3 47. e5 Nc7 48. g4 Nc5 49. h4 N5e6+ 50. Kf5 Ng7+ 51. Ke4 h5 52. g5
Nce6 53. Kd5 Nxg5 54. f4 Nf3 55. f5 Nxf5 56. e6 N3xh4 57. Ke5 Ne7 58. Kf6 Nhg6
59. Kg5 h4 60. Kg4 Nd5 61. e7 Ndxe7 62. Kh3 Nf5 63. Kg4 Ne3+ 64. Kh3 Nf1 65. a4
Ng3 66. b5 axb5 67. axb5 Kb6 68. Kh2 Kxb5 69. Kh3 Nf5 70. Kg4 Ne3+ 71. Kh3 Nc2
72. Kg4 Kc4 73. Kh3 Kd4 74. Kg4 Ne3+ 75. Kh3 Ke4 76. Kh2 Kf4 77. Kh1 h3 78. Kh2
Nf1+ 79. Kg1 h2+ 80. Kh1 Ne5 81. Kg2 Nd3 1/2-1/2

[Event "Junior Online 4NCL Division 4"]
[Site "online"]
[Date "2020.10.01"]
[Round "4.135"]
[White "Bruhn, Johann"]
[Black "Bass, Finn"]
[Result "0-1"]
[WhiteElo "1367"]
[BlackElo "812"]
[PlyCount "78"]
[EventDate "2020.10.01"]
[WhiteTeam "Barnet Knights C"]
[BlackTeam "Rhodes Avenue Rooks"]

1. d4 d5 2. c4 Nf6 3. Nc3 c6 4. Bg5 Nbd7 5. f3 dxc4 6. e4 c5 7. Bxc4 cxd4 8.
Qxd4 e5 9. Qd2 h6 10. Bh4 g5 11. Bg3 h5 12. f4 exf4 13. Bxf4 gxf4 14. Qxf4 Rg8
15. Qf3 a6 16. Nge2 b5 17. Bd5 b4 18. Na4 Rb8 19. O-O Ne5 20. Qxf6 Qxf6 21.
Rxf6 Nd7 22. Bxf7+ Ke7 23. Bxg8 Kxf6 24. Rf1+ Kg7 25. Be6 a5 26. Rf7+ Kg6 27.
Rf1 Bc5+ 28. Nxc5 Nxc5 29. Bxc8 Rxc8 30. Nf4+ Kg5 31. Nh3+ Kh6 32. Rc1 a4 33.
Rc4 b3 34. axb3 axb3 35. e5 Kg7 36. Nf4 Kf7 37. Nxh5 Ke6 38. Rc3 Kxe5 39. Rxb3
Nxb3 0-1

[Event "Junior Online 4NCL Division 4"]
[Site "online"]
[Date "2020.10.01"]
[Round "4.136"]
[White "O'Connor, Ethan"]
[Black "Vyas, Rayaan"]
[Result "0-1"]
[WhiteElo "875"]
[BlackElo "1255"]
[PlyCount "60"]
[EventDate "2020.10.01"]
[WhiteTeam "Rhodes Avenue Rooks"]
[BlackTeam "Barnet Knights C"]

1. e4 c5 2. d3 d6 3. Nc3 Nf6 4. Nb5 a6 5. Na3 g6 6. Nc4 Bg7 7. Ne3 O-O 8. Nc4
b5 9. Ne3 Nc6 10. Qf3 Nd4 11. Qf4 Ng4 12. Nxg4 Nxc2+ 13. Kd1 Nxa1 14. Nf3 h5
15. Nh6+ Bxh6 16. Qxh6 Bg4 17. Be2 Bxf3 18. Bxf3 Qa5 19. b3 Qxa2 20. e5 Qxb3+
21. Kd2 Qc2+ 22. Ke3 Rae8 23. Bc6 Rd8 24. exd6 Rxd6 25. Be4 c4 26. dxc4 Qc3+
27. Kf4 Rf6+ 28. Kg5 Qe5+ 29. Kh4 Qxe4+ 30. Kg5 Rf5# 0-1

[Event "Junior Online 4NCL Division 4"]
[Site "online"]
[Date "2020.10.01"]
[Round "4.137"]
[White "Malus, Sean"]
[Black "Balsys, Leo"]
[Result "1-0"]
[WhiteElo "1330"]
[BlackElo "875"]
[PlyCount "27"]
[EventDate "2020.10.01"]
[WhiteTeam "Barnet Knights C"]
[BlackTeam "Rhodes Avenue Rooks"]

1. e4 e5 2. Nf3 Nc6 3. Bc4 Nf6 4. Nc3 Be7 5. d3 d6 6. h3 O-O 7. Be3 Bd7 8. Qc1
Nd4 9. Bh6 gxh6 10. Qxh6 Nxc2+ 11. Kd1 Nxa1 12. Ng5 d5 13. Nxd5 Nxd5 14. Qxh7#
1-0

[Event "Junior Online 4NCL Division 4"]
[Site "online"]
[Date "2020.10.01"]
[Round "4.138"]
[White "Brown, Alex"]
[Black "Ethelontis, Elena"]
[Result "0-1"]
[WhiteElo "800"]
[BlackElo "1292"]
[PlyCount "90"]
[EventDate "2020.10.01"]
[WhiteTeam "Rhodes Avenue Rooks"]
[BlackTeam "Barnet Knights C"]

1. e4 e5 2. Qg4 Nf6 3. Qh3 d6 4. Bc4 Nxe4 5. Qe3 Nf6 6. Qa3 Bf5 7. Qb4 Nc6 8.
Qxb7 Nd4 9. Qb4 Nxc2+ 10. Kd1 Nxb4 11. a3 Nc6 12. a4 Bxb1 13. Rxb1 d5 14. Bb5
Qd7 15. d3 Bc5 16. d4 Bxd4 17. Be3 Bxe3 18. Rc1 Bxc1 19. Kxc1 a6 20. Bxc6 Qxc6+
21. Kd2 O-O 22. Nf3 Qxa4 23. Nxe5 Qd4+ 24. Nd3 Ne4+ 25. Ke2 c5 26. Re1 c4 27.
Kd1 Qxd3+ 28. Kc1 Nxf2 29. b4 Qc3+ 30. Kb1 Qxb4+ 31. Kc2 Qb3+ 32. Kd2 Qd3+ 33.
Kc1 Qc3+ 34. Kb1 Qxe1+ 35. Kc2 Qe4+ 36. Kc1 Nd3+ 37. Kc2 Qe2+ 38. Kc3 Rab8 39.
g4 d4+ 40. Kxc4 Qc2+ 41. Kxd4 Rfd8+ 42. Ke3 Ne5 43. h4 Rb3+ 44. Kf4 Rd4+ 45.
Kxe5 Qc5# 0-1

[Event "Junior Online 4NCL Division 4"]
[Site "online"]
[Date "2020.10.01"]
[Round "4.141"]
[White "Valanju, Saish"]
[Black "Spitz, Danny"]
[Result "0-1"]
[WhiteElo "1060"]
[BlackElo "900"]
[PlyCount "56"]
[EventDate "2020.10.01"]
[WhiteTeam "May The Fork Be With You 7"]
[BlackTeam "Coldfall Bishops"]

1. e4 e5 2. Nf3 Nc6 3. d4 exd4 4. Nxd4 Bc5 5. Be3 Qf6 6. c3 Nxd4 7. cxd4 Bb4+
8. Nd2 Ne7 9. Bc4 d6 10. O-O Nc6 11. Bf4 Qxf4 12. Nb3 O-O 13. d5 Na5 14. Bd3
Nxb3 15. axb3 Bg4 16. f3 Qe3+ 17. Kh1 Bh5 18. g4 Bg6 19. Re1 Bxe1 20. Be2 Bf2
21. Qf1 Bh4 22. Rc1 Qxb3 23. Rxc7 Qxb2 24. Qh3 Bd8 25. Rd7 Qxe2 26. Rxb7 Bb6
27. Rd7 Qe3 28. Rxd6 Qg1# 0-1

[Event "Junior Online 4NCL Division 4"]
[Site "online"]
[Date "2020.10.01"]
[Round "4.142"]
[White "Balint-Kurti, Raphael"]
[Black "Bagchi, Aadi"]
[Result "0-1"]
[WhiteElo "977"]
[BlackElo "1075"]
[PlyCount "60"]
[EventDate "2020.10.01"]
[WhiteTeam "Coldfall Bishops"]
[BlackTeam "May The Fork Be With You 7"]

1. e4 e5 2. Bc4 Nf6 3. Nc3 Bc5 4. Nf3 d6 5. h3 O-O 6. O-O Nc6 7. d3 h6 8. Bd2
a5 9. Qe2 Na7 10. Rfe1 b5 11. Bd5 c6 12. Bb3 a4 13. Bxa4 bxa4 14. Nxa4 Qe7 15.
Rad1 Nb5 16. c4 Rxa4 17. cxb5 cxb5 18. Bc1 Rxa2 19. Qc2 Ba3 20. bxa3 Rxc2 21.
d4 exd4 22. Nxd4 Rc4 23. f3 b4 24. a4 Be6 25. a5 Ra8 26. e5 dxe5 27. Rxe5 Nd7
28. Nf5 Qf6 29. Bb2 Nxe5 30. Bxe5 Qxe5 0-1

[Event "Junior Online 4NCL Division 4"]
[Site "online"]
[Date "2020.10.01"]
[Round "4.143"]
[White "Illingworth-Law, Oscar"]
[Black "Haga, Xander"]
[Result "1-0"]
[WhiteElo "1037"]
[BlackElo "857"]
[PlyCount "59"]
[EventDate "2020.10.01"]
[WhiteTeam "May The Fork Be With You 7"]
[BlackTeam "Coldfall Bishops"]

1. e4 e5 2. Nf3 Nc6 3. Nc3 Nf6 4. d4 exd4 5. Nxd4 Nxd4 6. Qxd4 c5 7. Qd1 Be7 8.
Be2 O-O 9. O-O b6 10. Re1 Bb7 11. Bf3 h6 12. e5 Bxf3 13. Qxf3 Nh7 14. Re4 Bg5
15. Bxg5 Nxg5 16. Qf5 Nxe4 17. Nxe4 d5 18. Ng3 g6 19. Qh3 Kg7 20. Re1 d4 21. c3
dxc3 22. bxc3 b5 23. e6 fxe6 24. Rxe6 Qd1+ 25. Nf1 Rfe8 26. Rc6 Qd5 27. Rc7+
Kg8 28. Qxh6 Qe5 29. Qh7+ Kf8 30. Qf7# 1-0

[Event "Junior Online 4NCL Division 4"]
[Site "online"]
[Date "2020.10.01"]
[Round "4.144"]
[White "Minhas, Salar"]
[Black "Patel, Rohan"]
[Result "0-1"]
[WhiteElo "880"]
[BlackElo "1037"]
[PlyCount "158"]
[EventDate "2020.10.01"]
[WhiteTeam "Coldfall Bishops"]
[BlackTeam "May The Fork Be With You 7"]

1. e4 e5 2. Bc4 Nf6 3. Nc3 Nc6 4. Nf3 Be7 5. d3 O-O 6. O-O h6 7. Be3 d6 8. h3
a6 9. Nd5 Nxd5 10. Bxd5 Nb4 11. a3 Nxd5 12. exd5 Bf6 13. d4 e4 14. Nd2 Re8 15.
Re1 Bf5 16. g4 Bg6 17. f4 Bh4 18. Rf1 f5 19. gxf5 Bxf5 20. Bf2 Bxf2+ 21. Rxf2
Bxh3 22. Rh2 Bf5 23. c4 e3 24. Nf3 c5 25. dxc5 dxc5 26. Qe1 b5 27. cxb5 axb5
28. Re2 Bg4 29. Rxe3 Bxf3 30. Rxe8+ Qxe8 31. Qg3 Bxd5 32. Re1 Qd7 33. Rd1 Qf5
34. Rd2 c4 35. Rg2 Bxg2 36. Qxg2 Re8 37. Qc6 Qg4+ 38. Kf2 Qe2+ 39. Kg3 Re3+ 40.
Kh4 Qh2+ 41. Kg4 Rg3+ 42. Kf5 g6+ 43. Kf6 Qh4+ 44. Ke6 Re3+ 45. Kd7 Rd3+ 46.
Ke6 Qg4+ 47. Ke7 Re3+ 48. Kd8 Qh4+ 49. Kd7 Qe7+ 50. Kc8 Qf8+ 51. Kd7 Re7+ 52.
Kd6 Qf6+ 53. Kc5 Qxc6+ 54. Kxc6 h5 55. Kxb5 h4 56. a4 h3 57. a5 h2 58. a6 h1=Q
59. a7 Rxa7 60. Kb6 Qb7+ 61. Kc5 Ra5+ 62. Kxc4 Qe4+ 63. Kb3 Qd3+ 64. Kb4 Qb5+
65. Kc3 Qd5 66. Kb4 Rb5+ 67. Kc3 Qc5+ 68. Kd3 Rb4 69. Ke2 Rxb2+ 70. Kf3 g5 71.
fxg5 Qf5+ 72. Ke3 Rb3+ 73. Kd4 Rb4+ 74. Kc3 Qc5+ 75. Kd3 Rd4+ 76. Ke3 Qe5+ 77.
Kf3 Rf4+ 78. Kg3 Qxg5+ 79. Kh3 Rh4# 0-1

[Event "Junior Online 4NCL Division 4"]
[Site "online"]
[Date "2020.10.01"]
[Round "4.145"]
[White "Spitz, Danny"]
[Black "Valanju, Saish"]
[Result "1-0"]
[WhiteElo "900"]
[BlackElo "1060"]
[PlyCount "79"]
[EventDate "2020.10.01"]
[WhiteTeam "Coldfall Bishops"]
[BlackTeam "May The Fork Be With You 7"]

1. d4 e6 2. e4 d5 3. e5 c5 4. Nc3 Nc6 5. Bb5 Qb6 6. Bxc6+ bxc6 7. Nf3 Be7 8.
Bg5 Bxg5 9. Nxg5 Qxb2 10. Na4 Qb4+ 11. c3 Qb5 12. dxc5 Ne7 13. Rb1 Qa5 14. O-O
Ba6 15. Re1 Bb5 16. Nb2 Qxc3 17. Qh5 g6 18. Qh6 Nf5 19. Qh3 Qb4 20. Nd3 Qa4 21.
Nf4 Qxa2 22. Ra1 Qb2 23. g4 Nd4 24. Reb1 Ne2+ 25. Nxe2 Qxe2 26. Nxh7 Qxe5 27.
Re1 Be2 28. Ra2 Rb8 29. Raxe2 Qc7 30. Nf6+ Ke7 31. Qf3 d4 32. h3 Rh4 33. Ne4 f5
34. gxf5 exf5 35. Ng5+ Kd8 36. Re8+ Kd7 37. R8e7+ Kc8 38. Rxc7+ Kxc7 39. Qg3+
Rf4 40. Qxf4+ 1-0

[Event "Junior Online 4NCL Division 4"]
[Site "online"]
[Date "2020.10.01"]
[Round "4.146"]
[White "Bagchi, Aadi"]
[Black "Balint-Kurti, Raphael"]
[Result "1-0"]
[WhiteElo "1075"]
[BlackElo "977"]
[PlyCount "114"]
[EventDate "2020.10.01"]
[WhiteTeam "May The Fork Be With You 7"]
[BlackTeam "Coldfall Bishops"]

1. e4 e5 2. Nf3 Bc5 3. Bc4 Nf6 4. O-O O-O 5. d3 h6 6. c3 Nc6 7. Nbd2 b6 8. Re1
Bb7 9. d4 exd4 10. cxd4 Bxd4 11. Nxd4 Nxd4 12. b3 Qe7 13. e5 Rfe8 14. Bb2 Nc6
15. exf6 Qd6 16. Ne4 Qxd1 17. Raxd1 Nb4 18. Re2 Bxe4 19. fxg7 Bc2 20. Rdd2 d5
21. Bb5 Rxe2 22. Rxe2 Bd3 23. Bxd3 Nxd3 24. h3 Nxb2 25. Rxb2 Re8 26. Rc2 Re1+
27. Kh2 Kxg7 28. Rxc7 Re2 29. Rxa7 Rxf2 30. Rb7 Rxa2 31. Rxb6 d4 32. Rd6 Rd2
33. Kg3 d3 34. Kf3 Rb2 35. Rxd3 f5 36. Kf4 Kg6 37. g4 fxg4 38. Kxg4 h5+ 39. Kh4
Rb1 40. Rd6+ Kf5 41. Kxh5 Rxb3 42. Rd5+ Ke4 43. Rd2 Rxh3+ 44. Kg4 Rf3 45. Rb2
Rf4+ 46. Kh3 Rf3+ 47. Kg2 Ke3 48. Rb3+ Kf4 49. Rxf3+ Ke4 50. Kf2 Ke5 51. Rh3
Ke4 52. Rg3 Kd4 53. Ke2 Ke4 54. Rg4+ Kf5 55. Ra4 Ke5 56. Kd3 Kd5 57. Ra5+ Ke6
1-0

[Event "Junior Online 4NCL Division 4"]
[Site "online"]
[Date "2020.10.01"]
[Round "4.147"]
[White "Haga, Xander"]
[Black "Illingworth-Law, Oscar"]
[Result "1-0"]
[WhiteElo "857"]
[BlackElo "1037"]
[PlyCount "63"]
[EventDate "2020.10.01"]
[WhiteTeam "Coldfall Bishops"]
[BlackTeam "May The Fork Be With You 7"]

1. e4 e5 2. Nf3 Nc6 3. Bc4 Be7 4. Nc3 Nf6 5. d3 O-O 6. O-O d6 7. Bg5 Bg4 8. h3
Bh5 9. Qd2 Nd4 10. Nxd4 exd4 11. Nb5 Qd7 12. Nxd4 c5 13. Nf5 g6 14. Nxe7+ Qxe7
15. Bh6 Rfe8 16. g4 Bxg4 17. hxg4 Nxg4 18. Qf4 Nxh6 19. Qxh6 Qd7 20. Qh2 Qg4+
21. Qg2 Qh4 22. Qf3 Re5 23. Rfe1 Rg5+ 24. Kf1 Re8 25. Qxf7+ Kh8 26. Qxe8+ Kg7
27. Qf7+ Kh6 28. Qf8+ Kh5 29. d4 Qh1+ 30. Ke2 Qxe4+ 31. Kd1 Qg4+ 32. Be2 1-0

[Event "Junior Online 4NCL Division 4"]
[Site "online"]
[Date "2020.10.01"]
[Round "4.148"]
[White "Patel, Rohan"]
[Black "Minhas, Salar"]
[Result "1-0"]
[WhiteElo "1037"]
[BlackElo "880"]
[PlyCount "55"]
[EventDate "2020.10.01"]
[WhiteTeam "May The Fork Be With You 7"]
[BlackTeam "Coldfall Bishops"]

1. e4 e5 2. Nf3 Nc6 3. Nc3 Nf6 4. Be2 Bb4 5. d3 Bxc3+ 6. bxc3 d6 7. O-O d5 8.
exd5 Nxd5 9. c4 Nf4 10. Nxe5 Nxe5 11. Bxf4 Qf6 12. Qd2 h6 13. d4 Nc6 14. Qe3+
Be6 15. d5 Nb4 16. Qd2 Nxd5 17. cxd5 Bf5 18. Qe3+ Kd8 19. c4 Re8 20. Qd2 Qg6
21. f3 Bh3 22. Rf2 Re6 23. dxe6+ Ke7 24. Qd7+ Kf8 25. Qxc7 Qf6 26. gxh3 Qxa1+
27. Kg2 Qxa2 28. Qxf7# 1-0

[Event "Junior Online 4NCL Division 4"]
[Site "online"]
[Date "2020.10.01"]
[Round "4.151"]
[White "Bhargava, Arnav"]
[Black "Kataria, Dhairya"]
[Result "1/2-1/2"]
[WhiteElo "700"]
[BlackElo "1150"]
[PlyCount "68"]
[EventDate "2020.10.01"]
[WhiteTeam "Uxbridge Juniors D"]
[BlackTeam "May The Fork Be With You 6"]

1. d4 d5 2. c4 e6 3. Nc3 Nf6 4. Bf4 Nc6 5. e3 Bb4 6. Rc1 O-O 7. a3 Bd7 8. axb4
Nxb4 9. b3 c6 10. Qd2 Qa5 11. Na4 c5 12. Nxc5 Bc6 13. Rb1 b6 14. Nd3 Nxd3+ 15.
Bxd3 Qa6 16. c5 Qb7 17. Be5 Nd7 18. Bc2 Nxe5 19. dxe5 Qc7 20. Qd3 g6 21. Nf3 a6
22. b4 Bb5 23. Qc3 a5 24. bxa5 Rxa5 25. Bd3 Bxd3 26. Qxd3 Qxc5 27. O-O Ra3 28.
Rb3 Ra2 29. Nd4 Rfa8 30. Rb5 Qa3 31. Qxa3 R8xa3 32. Rxb6 Ra1 33. Rb8+ Kg7 34.
g3 R1a2 1/2-1/2

[Event "Junior Online 4NCL Division 4"]
[Site "online"]
[Date "2020.10.01"]
[Round "4.152"]
[White "Patel, Kamran"]
[Black "Sundararaju, Ritvik"]
[Result "0-1"]
[WhiteElo "1037"]
[BlackElo "700"]
[PlyCount "54"]
[EventDate "2020.10.01"]
[WhiteTeam "May The Fork Be With You 6"]
[BlackTeam "Uxbridge Juniors D"]

1. d4 e5 2. c3 exd4 3. cxd4 Bb4+ 4. Nc3 Bd6 5. Nf3 Nc6 6. Bg5 Nge7 7. e3 f6 8.
Bf4 Bxf4 9. exf4 Nb4 10. Bc4 d5 11. Bb3 c6 12. O-O Qc7 13. Qd2 Bg4 14. Qe3
O-O-O 15. h3 Nf5 16. Qe6+ Kb8 17. hxg4 Nxd4 18. Nxd4 Rde8 19. Qf5 g6 20. Qb1 h5
21. Qxg6 Qh7 22. Qxh7 Rxh7 23. f3 Rf8 24. Ne6 Rfh8 25. a4 hxg4 26. fxg4 Nd3 27.
Ra2 Rh1# 0-1

[Event "Junior Online 4NCL Division 4"]
[Site "online"]
[Date "2020.10.01"]
[Round "4.153"]
[White "Machutadze, Nicholas"]
[Black "Dalah, Jacob"]
[Result "0-1"]
[WhiteElo "700"]
[BlackElo "1037"]
[PlyCount "120"]
[EventDate "2020.10.01"]
[WhiteTeam "Uxbridge Juniors D"]
[BlackTeam "May The Fork Be With You 6"]

1. e4 e5 2. Bc4 Be7 3. d3 Bg5 4. Bxg5 Qxg5 5. Nf3 Qxg2 6. Ke2 d6 7. h4 Bg4 8.
Nbd2 Nf6 9. Rh2 Bxf3+ 10. Nxf3 Qg4 11. c3 Nh5 12. Kf1 Nf4 13. a4 Nc6 14. b4 a6
15. b5 axb5 16. Bxb5 Ra5 17. Bxc6+ bxc6 18. Rb1 O-O 19. Rc1 Rfa8 20. Ra1 c5 21.
c4 R8a6 22. h5 Nxh5 23. Rh4 Qg6 24. Nh2 Nf6 25. f3 Qg3 26. Qe1 Qxe1+ 27. Kxe1
Rxa4 28. Rxa4 Rxa4 29. Ke2 Ra2+ 30. Ke3 g5 31. Rh6 Kg7 32. Rh3 c6 33. Ng4 Nxg4+
34. fxg4 Ra3 35. Rh5 Kg6 36. Rh3 f6 37. Rh5 Ra8 38. Rh3 Ra3 39. Rh5 Ra8 40. Rh3
Rf8 41. Rh5 f5 42. gxf5+ Rxf5 43. exf5+ Kxh5 44. Ke4 g4 45. d4 cxd4 46. Kd3 g3
47. Ke2 d3+ 48. Kxd3 g2 49. f6 g1=Q 50. f7 Qf1+ 51. Ke3 Qxf7 52. Ke4 Qxc4+ 53.
Kf5 d5 54. Kxe5 d4 55. Kf6 d3 56. Kg7 d2 57. Kxh7 d1=Q 58. Kg7 Qf4 59. Kg8
Qdg4+ 60. Kh8 Qh6# 0-1

[Event "Junior Online 4NCL Division 4"]
[Site "online"]
[Date "2020.10.01"]
[Round "4.154"]
[White "Bengani, Arihant"]
[Black "Huckridge, Erik"]
[Result "1-0"]
[WhiteElo "1075"]
[BlackElo "700"]
[PlyCount "55"]
[EventDate "2020.10.01"]
[WhiteTeam "May The Fork Be With You 6"]
[BlackTeam "Uxbridge Juniors D"]

1. e4 e5 2. Nf3 Nc6 3. Bc4 f6 4. Nxe5 Nxe5 5. Qh5+ g6 6. Qe2 Nxc4 7. Qxc4 c6 8.
Nc3 d5 9. exd5 cxd5 10. Qb5+ Ke7 11. Nxd5+ Ke6 12. Nf4+ Kf7 13. Qc4+ Ke8 14.
O-O Bd6 15. Re1+ Ne7 16. Ne6 Qd7 17. Ng7+ Kf8 18. Ne6+ Kf7 19. Nc5+ Ke8 20.
Nxd7 Bxd7 21. d4 Rc8 22. Qd3 Rf8 23. Bd2 Bb5 24. Qe3 Rxc2 25. Qe4 Rxd2 26. Rab1
Bc5 27. dxc5 f5 28. Qxe7# 1-0

[Event "Junior Online 4NCL Division 4"]
[Site "online"]
[Date "2020.10.01"]
[Round "4.155"]
[White "Kataria, Dhairya"]
[Black "Bhargava, Arnav"]
[Result "1-0"]
[WhiteElo "1150"]
[BlackElo "700"]
[PlyCount "79"]
[EventDate "2020.10.01"]
[WhiteTeam "May The Fork Be With You 6"]
[BlackTeam "Uxbridge Juniors D"]

1. e4 Nc6 2. Nf3 d6 3. d4 e5 4. d5 Nce7 5. Nc3 Nf6 6. Bg5 h6 7. Bxf6 gxf6 8.
Bb5+ c6 9. Ba4 b5 10. Bb3 cxd5 11. Nxd5 Nxd5 12. Bxd5 Qa5+ 13. c3 b4 14. Bxa8
bxc3 15. bxc3 Qxc3+ 16. Nd2 Ba6 17. Rc1 Qd3 18. Bc6+ Ke7 19. Bd5 f5 20. exf5
Qxd5 21. Qa4 Bb5 22. Qxa7+ Kf6 23. f3 Qd3 24. Ne4+ Kxf5 25. g4+ Kf4 26. Nc3
Qxf3 27. Nxb5 Qxh1+ 28. Kd2 Qxh2+ 29. Kc3 Qg3+ 30. Kc4 Qxg4 31. Kb3 Qf3+ 32.
Rc3 Qd1+ 33. Kb4 d5+ 34. Ka5 Qa1 35. Qe3+ Kf5 36. Qf3+ Ke6 37. Rc6+ Kd7 38.
Qxd5+ Ke7 39. Qd6+ Ke8 40. Nc7# 1-0

[Event "Junior Online 4NCL Division 4"]
[Site "online"]
[Date "2020.10.01"]
[Round "4.156"]
[White "Sundararaju, Ritvik"]
[Black "Patel, Kamran"]
[Result "1-0"]
[WhiteElo "700"]
[BlackElo "1037"]
[PlyCount "79"]
[EventDate "2020.10.01"]
[WhiteTeam "Uxbridge Juniors D"]
[BlackTeam "May The Fork Be With You 6"]

1. e4 e6 2. Bd3 Nf6 3. Bb5 Nxe4 4. d3 Nd6 5. c4 Nxb5 6. cxb5 d5 7. h4 Bd7 8.
Bg5 f6 9. Bf4 Bd6 10. Bxd6 cxd6 11. Nf3 Bxb5 12. Nd4 Bd7 13. O-O e5 14. Nb3 Ba4
15. Nc3 Bc6 16. Na5 Qxa5 17. Qb3 b5 18. Rae1 b4 19. Nd1 O-O 20. Ne3 Nd7 21. Nf5
Rab8 22. Ne7+ Kf7 23. Nxc6 Qb6 24. Nxb8 Rxb8 25. Qxd5+ Ke7 26. d4 Qxd4 27. Qxd4
a5 28. Qa7 Rb5 29. Rc1 Ke6 30. Rc7 Nc5 31. Rd1 Ne4 32. Re7+ Kf5 33. Qd7+ Kg6
34. Qxb5 Nc5 35. Rxd6 Nd3 36. Qxd3+ Kh5 37. Rxg7 h6 38. Rxf6 a4 39. Qg6+ Kxh4
40. Qxh6# 1-0

[Event "Junior Online 4NCL Division 4"]
[Site "online"]
[Date "2020.10.01"]
[Round "4.157"]
[White "Dalah, Jacob"]
[Black "Machutadze, Nicholas"]
[Result "1-0"]
[WhiteElo "1037"]
[BlackElo "700"]
[PlyCount "101"]
[EventDate "2020.10.01"]
[WhiteTeam "May The Fork Be With You 6"]
[BlackTeam "Uxbridge Juniors D"]

1. e4 e5 2. Nf3 d6 3. Bc4 a6 4. d3 b5 5. Bb3 Nf6 6. Ng5 h6 7. Nxf7 Qe7 8. Nxh8
Bg4 9. f3 Bh5 10. Bd5 Nxd5 11. exd5 g5 12. Be3 Bg7 13. Nc3 Bxh8 14. Qd2 Nd7 15.
O-O-O Nc5 16. Bxc5 dxc5 17. g4 Bg6 18. Rhe1 O-O-O 19. a3 Bf7 20. d4 cxd4 21.
Qxd4 Qd6 22. Qa7 Kd7 23. Qb7 h5 24. gxh5 Bxh5 25. Rf1 Bf6 26. Ne4 Qf8 27. Nxf6+
Qxf6 28. Qc6+ Qxc6 29. dxc6+ Ke7 30. Rxd8 Kxd8 31. Kd2 Ke7 32. Kc3 Kd6 33. Kb4
Kxc6 34. a4 Kb6 35. axb5 axb5 36. c4 c6 37. cxb5 cxb5 38. b3 Kc6 39. h4 gxh4
40. f4 e4 41. f5 e3 42. Re1 e2 43. f6 h3 44. f7 Bxf7 45. Rxe2 Be8 46. Rxe8 Kb6
47. Rh8 Kc6 48. Rxh3 Kb6 49. Rh5 Kc6 50. Rxb5 Kd6 51. Rc5 1-0

[Event "Junior Online 4NCL Division 4"]
[Site "online"]
[Date "2020.10.01"]
[Round "4.158"]
[White "Huckridge, Erik"]
[Black "Bengani, Arihant"]
[Result "0-1"]
[WhiteElo "700"]
[BlackElo "1075"]
[PlyCount "28"]
[EventDate "2020.10.01"]
[WhiteTeam "Uxbridge Juniors D"]
[BlackTeam "May The Fork Be With You 6"]

1. e4 e5 2. Nf3 Nc6 3. Nxe5 Nxe5 4. Qh5 d6 5. Bb5+ Bd7 6. Bxd7+ Qxd7 7. f3 Nf6
8. O-O Nxh5 9. g4 Nf4 10. d4 Neg6 11. Bxf4 Nxf4 12. Nc3 h5 13. gxh5 Qh3 14.
Rae1 Qg2# 0-1

[Event "Junior Online 4NCL Division 4"]
[Site "online"]
[Date "2020.10.01"]
[Round "4.161"]
[White "Ehrlich, Ben"]
[Black "Kothari, Jai"]
[Result "1-0"]
[WhiteElo "887"]
[BlackElo "1690"]
[PlyCount "81"]
[EventDate "2020.10.01"]
[WhiteTeam "Barnet Knights G"]
[BlackTeam "Woking Warriors"]

1. e4 e6 2. d4 d5 3. e5 c5 4. c3 Nc6 5. Nf3 Nge7 6. Bb5 a6 7. Ba4 b5 8. Bc2 Qc7
9. Bf4 Ng6 10. Bxg6 hxg6 11. Ng5 f6 12. Nf3 cxd4 13. cxd4 Bb4+ 14. Nbd2 Qb6 15.
Be3 fxe5 16. a3 Bxd2+ 17. Qxd2 e4 18. Ne5 Nxe5 19. dxe5 Qc7 20. Rc1 Qf7 21. Qc2
O-O 22. Bc5 Re8 23. O-O Bb7 24. Bb6 Rac8 25. Qd2 Qf5 26. Rxc8 Rxc8 27. Qb4 Qxe5
28. Qe7 Bc6 29. Rd1 Qf6 30. Qa7 Qxb2 31. Bd4 Qxd4 32. Qxd4 Rc7 33. Qe5 Rf7 34.
Qxe6 Bd7 35. Qxg6 Bf5 36. Qxa6 Rd7 37. Qc8+ Kh7 38. Qc6 d4 39. Qxb5 Be6 40.
Qh5+ Kg8 41. Qe8+ 1-0

[Event "Junior Online 4NCL Division 4"]
[Site "online"]
[Date "2020.10.01"]
[Round "4.162"]
[White "Phillips, Freddie"]
[Black "Marshall, Wilfred"]
[Result "1-0"]
[WhiteElo "1435"]
[BlackElo "887"]
[PlyCount "61"]
[EventDate "2020.10.01"]
[WhiteTeam "Woking Warriors"]
[BlackTeam "Barnet Knights G"]

1. e4 e5 2. Nf3 Nc6 3. Nc3 Nf6 4. Bc4 Bc5 5. O-O O-O 6. d3 d6 7. Ng5 h6 8. Nf3
Bg4 9. Nd5 Nxd5 10. Bxd5 Nd4 11. h3 Nxf3+ 12. gxf3 Bxh3 13. Re1 Qf6 14. Kh2 Bd7
15. Be3 Qh4+ 16. Kg2 Bxe3 17. fxe3 Bh3+ 18. Kh1 Be6+ 19. Kg2 Bh3+ 20. Kh1 Qg3
21. Rg1 Qh4 22. Qd2 Bf1+ 23. Qh2 Bh3 24. Rg3 c6 25. Bb3 Bg2+ 26. Rxg2 Qf6 27.
Rag1 Qxf3 28. Qg3 Qh5+ 29. Rh2 Qxh2+ 30. Qxh2 Kh8 31. Qg3 1-0